Personnages Studio Ghibli - Statistiques

Statistiques générales
  • Ce quiz a été pris 382 fois
  • Le résultat moyen est 8 sur 16
Statistiques - réponses
Titre Réponse % Correct
Le voyage de _ _ _ _ _ _ _ Chihiro
99%
_ _ _ _ la petite sorcière Kiki
95%
_ _ _ _ _ sur la falaise Ponyo
92%
_ _ _ _ _ _ _ _ le petit monde des chapardeurs Arrietty
85%
_ _ _ _ _ _ _ _ de la Vallée du Vent Nausicaä
79%
Le conte de la princesse _ _ _ _ _ _ Kaguya
74%
Le château ambulant Sophie
73%
Princesse Mononoke San
61%
_ _ _ et la Sorcière Aya
45%
Le château dans le ciel Sheeta
33%
Le royaume des chats Haru
23%
Souvenirs de Marnie Anna
22%
La Colline aux coquelicots Umi
17%
Si tu tends l'oreille Shizuku
14%
Souvenirs goutte à goutte Taeko
8%
Je peux entendre l'océan Rikako
7%
Aucun quiz correspondant
Distribution des résultats
% des personnes avec chaque résultat
Percentile par nombre de réponses
Votre historique - résultats
Vous n’avez pas pris ce quiz